[Event "HUN-chT2 Barcza 1819"]
[Site "Hungary"]
[Date "2018.11.18"]
[Round "4.11"]
[White "Palkovics, Balazs"]
[Black "Vagner, Gergo"]
[Result "1/2-1/2"]
[WhiteElo "1729"]
[BlackElo "1749"]
[PlyCount "60"]
[EventDate "2018.09.23"]
[EventType "team-tourn"]
[EventRounds "11"]
[EventCountry "HUN"]
[SourceTitle "CBM 189 Extra"]
[Source "ChessBase"]
[SourceDate "2019.06.03"]
[SourceVersion "1"]
[SourceVersionDate "2019.06.03"]
[SourceQuality "1"]
[WhiteTeam "Nyiregyhaza"]
[BlackTeam "Tiszavasvar"]
[WhiteTeamCountry "HUN"]
[BlackTeamCountry "HUN"]

1. e4 c6 2. d4 d5 3. Nc3 dxe4 4. Nxe4 Bf5 5. Ng3 Bg6 6. h4 h6 7. Nf3 e6 8. h5 Bh7 9. Bd3 Bxd3 10. Qxd3 Nd7 11. Bd2 Ngf6 12. Ne4 Nxe4 13. Qxe4 Bd6 14. 0-0-0 Nf6 15. Qe2 Qc7 16. g3 0-0-0 17. c4 Qe7 18. Kb1 Rhe8 19. Ne5 Nd7 20. f4 Bc7 21. a3 Nxe5 22. Bb4 Bd6 23. Bxd6 Rxd6 24. dxe5 Rxd1+ 25. Rxd1 Rd8 26. Kc2 Rxd1 27. Qxd1 Qc5 28. Qd3 Qf2+ 29. Kc3 Qe1+ 30. Kb3 Qf2 1/2-1/2